Erdélynek és Magyarország keleti részeinek néprajzi térképe 1910-ban 1:200 000 méretű néprajzi térképe alapján szerkesztette és kiadja

Podrobná bibliografia
Hlavní autori: Bátky, Zsigmond, 1874-1939 (Autor), Kogutowicz, Károly, 1886-1948 (Autor), Teleki, Pál, gróf 1879-1941 (Autor)
Médium: Mapa
Jazyk:maďarčina
Fyzický popis:1 mapa farebná 85 x 106 cm
Vydavateľské údaje: Budapest M. Kir. Honvéd Térképészeti Intézet 1940
Budapest a Magyar statisztikai tarsaság allamtudományi intézete 1940
Predmet:

MARC

LEADER 00000nem a2200000 4500
001 vtls001194031
003 SK-MaSNL
005 20260301154339.0
007 aj cazza
008 251124s1940 hu bg a 00r hun
034 1 |a a  |b 500000 
035 |a SNK000137097 
040 |a SNK  |b slo  |c SNK  |e rda 
041 0 |a hun 
043 |a e-hu--- 
044 |a hu  |c HU 
072 7 |a 912  |x Mapy. Atlasy  |2 konspekt 
080 |a 39  |2 2011 
080 |a (439.21)  |2 2011 
100 1 |a Bátky, Zsigmond,  |d 1874-1939  |4 aut  |9 282265 
245 1 0 |a Erdélynek és Magyarország keleti részeinek néprajzi térképe 1910-ban  |b 1:200 000 méretű néprajzi térképe alapján szerkesztette és kiadja  |c [autor] Bátky Zsigmond, Kogutowicz Károly és Teleki Pál Gróf 
255 |a Mérték 1:500 000 
264 1 |a Budapest  |b M. Kir. Honvéd Térképészeti Intézet  |c 1940 
264 1 |a Budapest  |b a Magyar statisztikai tarsaság allamtudományi intézete  |c 1940 
300 |a 1 mapa  |b farebná  |c 85 x 106 cm 
336 |a kartografický obraz  |b cri  |2 rdacontent 
337 |a nesprostredkovaný  |b n  |2 rdamedia 
338 |a list  |b nb  |2 rdacarrier 
650 0 7 |a etnografia  |2 SNKPH  |9 950 
650 0 7 |a Ethnography  |2 SNKPH  |9 265262 
651 7 |a Sedmohradsko (Rumunsko)  |2 SNKPHgeo  |9 215368 
651 7 |a Uhorsko  |2 SNKPHgeo  |9 28673 
651 7 |a Transylvania (Romania)  |2 SNKPHeng  |9 314944 
651 7 |a Hungary  |2 SNKPHeng  |9 265263 
655 7 |a etnografické mapy  |2 SNKPH  |9 379741 
700 1 |a Kogutowicz, Károly,  |d 1886-1948  |4 aut  |9 378635 
700 1 |a Teleki, Pál,  |c gróf  |d 1879-1941  |4 aut  |9 467062 
852 |a Slovenská národná knižnica 
958 |a RK 
958 |a CRG 
958 |a CRBN 
958 |a ONDV 
999 |c 796512  |d 798442 
952 |t P60, <03>, [BOOK], {603}  |a SNK  |b SNK  |y PREZ  |7 0  |p 17A0309859  |o snkSLBm 332  |i snkF 1271/79  |8 5  |0 0  |1 0  |4 0  |d 2001-07-31  |l 0  |r 2005-01-01 00:00:00  |w 2026-02-24